000 00823nam a2200241 i 4500
001 000033414
003 DO-SdBNP
005 20241021133438.0
007 ta
008 110829s1984 dr ac 000 0 spa d
040 _aDO-SdBNP
_bspa
_cBNPHU
_erda
082 4 _axxxx
_bB891p
_222
100 1 _aBrugal Paiewonsky, Rafael Alberto,
_d1944-
_eautor
_4aut.
_958975
245 1 0 _aPuerto Plata Siglo XVI y otros ensayos /
_cRafael A. Brugal P.
264 4 _aSanto Domingo :
_bEditora Alfa & Omega,
_c1984.
300 _a216 páginas :
_bilustraciones, retratos ;
_c21 cm.
336 _atexto
_btxt
_2rdacontent
337 _asin mediación
_bn
_2rdamedia
338 _avolumen
_bnc
_2rdacarrier
500 _aIncluye referencias bibliográficas y notas al pie de las páginas
590 _aInventariado, 2024/BT
942 _2ddc
_cLBS1
999 _c32905
_d32905